00741nam a22002057a 450000500170000001000150001702000250003203500140005703700090007108200110008010000290009124500600012025000060018026000440018627000880023030000200031894200250033899900190036395201530038220241202154332.0 aENG-142748 c50.00a9789350693834 aEN-126280 bDBAD a230.51 aPanda, Arun Kumar974515 aRasamayee Maa:cby Arun Kumar PandabEnchanting Mother/ a1 aA.PbSri Sathya sai Sadhana Trustc2019 bPrasanthi NilayamaAnantapur Districe515134morders@sssbpt.orgk011-287375l287236 a130p.c22cm(pb) 2ddccENh230.51mPAN c207313d207313 001040708NFICaAVbAVd2024-12-02eDelivery of Books Act Divisiong50.00l0o230.51 PANpEN-126280r2024-12-02 00:00:00t1v50.00w2024-12-02yEN